000 00685nam a2200289Ia 4500
005 20260324114632.0
008 008 260324s9999 xx 000 0 eng d
020 _a9781315280738
037 _aEBOOK
040 _aCRL
040 _beng
040 _cCRL
041 _2eng
041 _aeng
084 _qCRL
100 _aHyun Jin Kim; Samuel N.C. Lieu; Raoul McLaughlin
_91151553
245 0 _aRome and China
245 0 _bPoints of Contact
260 _bTaylor and Francis
260 _c2021
365 _a
365 _b230
856 _uhttp://www.taylorfrancis.com/books/9781315280738
942 _cEBOOK
999 _c1741854
_d1741854